Statystyki dla Regiony Brazylii

Kliknij tutaj aby rozwiązać quiz!

Ogólne statystyki

  • Ten quiz został rozwiązany 239 razy
  • Średni wynik to 7 z 27

Odpowiedzi na mapie

Odpowiedzi skodowane kolorowo w zielono-czerwonej skali na mapie do tego quizu, zgodnie z poniższymi procentami.
 

Statystyki odpowiedzi

Stan% Poprawnych
Dystrykt Federalny
75%
Rio de Janeiro
72%
São Paulo
63%
Amazonas
58%
Pará
41%
Rio Grande do Sul
34%
Akr
32%
Bahia
32%
Mato Grosso
32%
Paraná
26%
Santa Catarina
26%
Minas Gerais
25%
Mato Grosso do Sul
21%
Rondônia
21%
Roraima
21%
Rio Grande do Norte
20%
Goiás
18%
Amapá
17%
Alagoas
16%
Pernambuco
14%
Espírito Santo
13%
Tocantins
13%
Ceará
12%
Paraíba
12%
Piauí
11%
Sergipe
11%
Maranhão
9%

Rozkład punktacji

Percentyl według liczby udzielonych odpowiedzi

Procent ludzi z każdym wynikiem

Twoja historia wyników

Nie rozwiązałeś tego quizu